Last's anatomy : (Record no. 524128)
[ view plain ]
| 000 -LEADER | |
|---|---|
| fixed length control field | 00397nam a22001457a 4500 |
| 020 ## - INTERNATIONAL STANDARD BOOK NUMBER | |
| International Standard Book Number | 0-443-03483-4 |
| 040 ## - CATALOGING SOURCE | |
| Transcribing agency | NUST |
| 082 ## - DEWEY DECIMAL CLASSIFICATION NUMBER | |
| Classification number | 611 |
| Author Mark | MCM |
| 100 ## - MAIN ENTRY--PERSONAL NAME | |
| Personal name | Mcminn,R.M.H. |
| 9 (RLIN) | 14948 |
| 245 ## - TITLE STATEMENT | |
| Title | Last's anatomy : |
| Remainder of title | Regional and applied / |
| Statement of responsibility, etc. | R.M.H. Mcminn. |
| 260 ## - PUBLICATION, DISTRIBUTION, ETC. | |
| Place of publication, distribution, etc. | New York : |
| Name of publisher, distributor, etc. | Churchill Livingstone, |
| Date of publication, distribution, etc. | 1990. |
| 300 ## - PHYSICAL DESCRIPTION | |
| Extent | ill, 710 p. : |
| Dimensions | 24 cm. |
| 500 ## - GENERAL NOTE | |
| General note | Includes Indexes. |
| 942 ## - ADDED ENTRY ELEMENTS (KOHA) | |
| Source of classification or shelving scheme | |
| Koha item type | Book |
| Withdrawn status | Lost status | Source of classification or shelving scheme | Damaged status | Not for loan | Permanent Location | Current Location | Date acquired | Total Checkouts | Full call number | Barcode | Date last seen | Price effective from | Koha item type |
|---|---|---|---|---|---|---|---|---|---|---|---|---|---|
| Central Library (CL) | Central Library (CL) | 06/17/2019 | 611 MCM | CL-D-405 | 06/17/2019 | 06/17/2019 | Book |
